Hydrologické pomery v roku 1983

Bibliographic Details
Main Authors: Kunsch, Ivan (Author), Panenka, Ivan, 1934-2013 (Author)
Format: Article
Language:Slovak

MARC

LEADER 00000nab a2200000uu 4500
001 vtls011147715
003 SK-MaSNL
005 20260303111238.0
008 230121|1984 xo |||||||||||||||||slo|
015 |a SNBRB 
035 |a (urnnbn)urn:nbn:sk:snk:ar-a09vzo 
035 |a (uuid)aa079c5e-a494-4ad1-a9fe-c0c6920e90ec 
035 |a urn:nbn:sk:snk-abaxzo 
040 |a SNKBUCL  |b slo  |c SNKBUCL  |e AACR2 
041 0 |a slo 
044 |a xo  |c SK 
100 1 |a Kunsch, Ivan  |4 aut  |9 6566 
245 1 0 |a Hydrologické pomery v roku 1983  |c Ivan Kunsch, Ivan Panenka 
700 1 |a Panenka, Ivan,  |d 1934-2013  |4 aut  |9 133501 
773 0 |t Vodohospodársky spravodajca  |g Roč. 27, č. 5 (1984), s. [175]-185 
954 |a odborná, vedecká literatúra pôvodná (slovenská)  |2 lita 
958 |a OND 
958 |a EUIPO 
958 |a article14 
999 |c 1875685  |d 1877615